| 000 | 00437 a2200157 4500 | ||
|---|---|---|---|
| 001 | 93102 | ||
| 020 | _a0-471-51152-8 | ||
| 082 | _a620.118/AGA | ||
| 090 |
_c44709 _d44710 |
||
| 100 | _aAgarwal, Bhagwan D.; Broutman, Lawrence J. | ||
| 245 | _aAnalysis and Performance of Fiber Composites, 2nd ED | ||
| 250 | _a2nd | ||
| 260 |
_aNew York _bJohn Wiley & Sons _c1990 |
||
| 300 | _axviii,449p. | ||
| 500 | _aMS textbook Aerospace | ||
| 942 |
_aCAE NUST _cMS _k620.118/AGA |
||
| 999 |
_c328175 _d328175 |
||